书目信息 |
| 题名: |
西安事变史略
|
|
| 作者: | 李义彬 著 | |
| 分册: | ||
| 出版信息: | 北京 社会科学文献出版社 2016 |
|
| 页数: | 378页 | |
| 开本: | 24cm | |
| 丛书名: | 中国社会科学院老年学者文库 | |
| 单 册: | ||
| 中图分类: | K264.806 | |
| 科图分类: | ||
| 主题词: | 西安事变--xi an shi bian--史料 | |
| 电子资源: | ||
| ISBN: | 978-7-5097-7985-9 | |
| 000 | 01130nam0 22002771 450 | |
| 001 | 0109172523 | |
| 005 | 20170309172523.0 | |
| 010 | @a978-7-5097-7985-9@dCNY65.00 | |
| 100 | @a20160615d2016 em y0chiy50 ea | |
| 101 | 0 | @achi |
| 102 | @aCN@b110000 | |
| 105 | @ay z 000yy | |
| 106 | @ar | |
| 200 | 1 | @a西安事变史略@9xi an shi bian shi lue@dA brief history of the Xi'an incident@f李义彬著@zeng |
| 210 | @a北京@c社会科学文献出版社@d2016 | |
| 215 | @a378页@d24cm | |
| 225 | 2 | @a中国社会科学院老年学者文库@9zhong guo she hui ke xue yuan lao nian xue zhe wen ku |
| 300 | @a中国社会科学院老年科研基金资助 | |
| 330 | @a本书围绕西安事变这一重要历史事件,以时间为线索,介绍了西安事变爆发的背景、经过、处理过程以及其中各方的矛盾和态度、事变的影响等。内容包括东北易帜、“不抵抗将军”、走联共抗日道路、崛起西北、中共的和平方针等。 | |
| 461 | 0 | @12001 @a中国社会科学院老年学者文库 |
| 510 | 1 | @aBrief history of the Xi'an incident@zeng |
| 606 | 0 | @a西安事变@9xi an shi bian@j史料 |
| 690 | @aK264.806@v5 | |
| 701 | 0 | @a李义彬@9li yi bin@f(1931~)@4著 |
| 801 | 0 | @aCN@bTANGWEI@c20170308 |
| 905 | @b0954261-3@dK264.806@e57@f3 | |
| 西安事变史略=A brief history of the Xi'an incident/李义彬著.-北京:社会科学文献出版社,2016 |
| 378页;24cm.-(中国社会科学院老年学者文库) |
| 中国社会科学院老年科研基金资助 |
| ISBN 978-7-5097-7985-9:CNY65.00 |
| 本书围绕西安事变这一重要历史事件,以时间为线索,介绍了西安事变爆发的背景、经过、处理过程以及其中各方的矛盾和态度、事变的影响等。内容包括东北易帜、“不抵抗将军”、走联共抗日道路、崛起西北、中共的和平方针等。 |
| ● |
| 相关链接 |
|
|
|
|
正题名:西安事变史略
索取号:K264.806/57
 
预约/预借
| 序号 | 登录号 | 条形码 | 馆藏地/架位号 | 状态 | 备注 |
| 1 | 0954261 | 209542618 | 第二样本阅览室/ [索取号:K264.806/57] | 在馆 | |
| 2 | 0954262 | 209542627 | 第二借阅区/ [索取号:K264.806/57] | 在馆 | |
| 3 | 0954263 | 209542636 | 第二借阅区/ [索取号:K264.806/57] | 在馆 |